[Event "Fast: 10d+1d/m - For New Players (#10)"]
[Site "SchemingMind.com"]
[Date "2010.02.07"]
[Round "-"]
[White "Thomas Laue"]
[Black "andyswain"]
[Result "1-0"]
[WhiteCountry "GER"]
[BlackCountry "ENG"]
[WhiteElo "1716"]
[WhiteRD "196"]
[BlackElo "1198"]
[BlackRD "121"]
[GameID "238163"]

1. e4 e5 2. Nf3 d5 3. Nxe5 Nc6 4. Nxc6 bxc6 5. exd5 cxd5 6. d4 Nf6 7. Bd3 Rb8 8. O-O Bg4 9. Re1+ Be7 10. Be2 Bb4
11. c3 Ba5 12. Bxg4+ Kf8 13. b3 h5 14. Ba3+ c5 15. Bxc5+ Kg8 16. Bf3 Nd7 17. Bd6 h4 18. Bxb8 Qxb8 19. Bxd5 h3 20. Qf3 Nf6
21. Re7 hxg2 22. Qxg2 Qd6 23. Rxf7 Qf4 24. Qxg7#
1-0

[Event "Fast: 10d+1d/m - For New Players (#10)"]
[Site "SchemingMind.com"]
[Date "2010.02.07"]
[Round "-"]
[White "andyswain"]
[Black "Thomas Laue"]
[Result "0-1"]
[WhiteCountry "ENG"]
[BlackCountry "GER"]
[WhiteElo "1198"]
[WhiteRD "121"]
[BlackElo "1716"]
[BlackRD "196"]
[GameID "238164"]

1. e3 e5 2. c4 Nf6 3. b3 d5 4. Ba3 Bxa3 5. Nxa3 O-O 6. Bd3 Qe7 7. cxd5 Qxa3 8. Nf3 e4 9. Qc1 Qxc1+ 10. Rxc1 exf3
11. gxf3 Nxd5 12. Rg1 c6 13. f4 Nd7 14. f5 N7f6 15. e4 Re8 16. a4 Bxf5 17. Kd1 Bxe4 18. Kc2 Nb4+ 19. Kc3 Nxd3 20. Rcd1 Nxf2
21. Rde1 Rad8 22. Ref1 Nd5+ 23. Kb2 Nd3+ 24. Ka2 N5b4+ 25. Ka3 a5 26. Rg4 Nc2+ 27. Ka2 Ndb4+ 28. Kb2 Rxd2 29. Rfg1 g6 30. h4 Ne3+
31. Kc3 Rd3+ 32. Kb2 Nxg4 33. Rxg4 f5 34. Rg1 Bd5 35. h5 Re2+ 36. Ka3 Ra2#
0-1

[Event "Fast: 10d+1d/m - For New Players (#10)"]
[Site "SchemingMind.com"]
[Date "2010.02.08"]
[Round "-"]
[White "stefkouts"]
[Black "andyswain"]
[Result "0-1"]
[WhiteCountry "GER"]
[BlackCountry "ENG"]
[WhiteElo "1107"]
[WhiteRD "199"]
[BlackElo "1105"]
[BlackRD "101"]
[GameID "238228"]

1. c4 e5 2. Nc3 Qh4 3. Nf3 Qxc4 4. Nxe5 Qe6 5. d4 Nc6 6. Nb5 Nxe5 7. Nxc7+ Kd8 8. Nxe6+ fxe6 9. dxe5 d5 10. Bg5+ Be7
0-1

[Event "Fast: 10d+1d/m - For New Players (#10)"]
[Site "SchemingMind.com"]
[Date "2010.02.09"]
[Round "-"]
[White "psychonaut"]
[Black "andyswain"]
[Result "1-0"]
[WhiteCountry "CZE"]
[BlackCountry "ENG"]
[WhiteElo "1373"]
[WhiteRD "184"]
[BlackElo "1198"]
[BlackRD "121"]
[GameID "238251"]

1. e4 e5 2. Nf3 Nc6 3. g4 Nf6 4. d3 Nxg4 5. h3 Nh6 6. Nc3 b6 7. b3 Bb4 8. Bd2 Nd4 9. a3 Be7 10. Nxe5 Ba6
11. Rg1 d6 12. Nf3 O-O 13. Nxd4 Bh4 14. Be3 c5 15. Nf5 Qf6 16. Bxh6 Qxc3+ 17. Ke2 Bc8 18. Ne7+ Kh8 19. Nd5 Qe5 20. Bxg7+ Kg8
21. Bxe5+ Bg4+ 22. Rxg4+
1-0

[Event "Fast: 10d+1d/m - For New Players (#10)"]
[Site "SchemingMind.com"]
[Date "2010.02.09"]
[Round "-"]
[White "psychonaut"]
[Black "Thomas Laue"]
[Result "0-1"]
[WhiteCountry "CZE"]
[BlackCountry "GER"]
[WhiteElo "1262"]
[WhiteRD "152"]
[BlackElo "1712"]
[BlackRD "165"]
[GameID "238252"]

1. d4 Nf6 2. e3 d5 3. Bd3 e6 4. Bd2 c5 5. c3 Nc6 6. a3 Be7 7. Ne2 O-O 8. b4 c4 9. Bc2 Bd7 10. f3 b5
11. a4 a6 12. h4 e5 13. f4 e4 14. h5 h6 15. f5 Bxf5 16. Nf4 Ng4 17. Qe2 Bh4+ 18. Kd1 Nf2+ 19. Kc1 Nxh1 20. Qf1 Nf2
21. Be1 Nd3+ 22. Bxd3 exd3 23. g3 Bg5 24. Nd2 Re8 25. Bf2 Qd6 26. Qg2 Bxf4 27. gxf4 Nxb4 28. Nf3 Nc2 29. Ra2 Nxe3 30. Qg1 Ng4
31. Nh4 Qxf4+
0-1

[Event "Fast: 10d+1d/m - For New Players (#10)"]
[Site "SchemingMind.com"]
[Date "2010.02.08"]
[Round "-"]
[White "andyswain"]
[Black "psychonaut"]
[Result "1-0"]
[WhiteCountry "ENG"]
[BlackCountry "CZE"]
[WhiteElo "1198"]
[WhiteRD "121"]
[BlackElo "1373"]
[BlackRD "184"]
[GameID "238254"]

1. e4 e5 2. Qh5 g6 3. Qxe5+ Qe7 4. Qxh8 Nf6 5. d3 d6 6. Bg5 Nbd7 7. Bh6 d5 8. Bg5 dxe4 9. dxe4 Qxe4+ 10. Ne2 Qe5
11. Bf4 Qxb2 12. Bh6 Qxa1 13. Nc3 Ne4 14. Bxf8 Nxc3 15. Bd6+ Nf8 16. Qxf8+ Kd7 17. Qe7+ Kc6 18. Qxc7+ Kd5 19. Qc5+ Ke4 20. Bd3#
1-0

[Event "Fast: 10d+1d/m - For New Players (#10)"]
[Site "SchemingMind.com"]
[Date "2010.02.09"]
[Round "-"]
[White "Thomas Laue"]
[Black "psychonaut"]
[Result "1-0"]
[WhiteCountry "GER"]
[BlackCountry "CZE"]
[WhiteElo "1712"]
[WhiteRD "165"]
[BlackElo "1262"]
[BlackRD "152"]
[GameID "238255"]

1. e4 e5 2. Nf3 d6 3. d4 Be6 4. dxe5 h6 5. Be2 g5 6. h3 Bg7 7. exd6 Qxd6 8. Qxd6 cxd6 9. c3 Ne7 10. Be3 Nbc6
11. Nbd2 O-O 12. O-O f5 13. exf5 Nxf5 14. Nc4 Rad8 15. Rad1 d5 16. Na3 a6 17. Nc2 b5 18. Bc5 Nd6 19. Ne3 Bf5 20. Nxf5 Rxf5
21. Bd3 Ne4 22. Bb6 h5 23. Bxd8 Nxd8 24. Bxe4 Rf8 25. Bxd5+ Nf7 26. Nxg5 Bf6 27. Nxf7 Kg7 28. Nd6 Be5 29. Ne4 a5 30. Ng5 Kh6
31. h4 Rf4 32. g3 Rg4 33. Nf7+ Kg6 34. Nxe5+
1-0

[Event "Fast: 10d+1d/m - For New Players (#10)"]
[Site "SchemingMind.com"]
[Date "2010.02.09"]
[Round "-"]
[White "shaqattack"]
[Black "psychonaut"]
[Result "1-0"]
[WhiteCountry "ENG"]
[BlackCountry "CZE"]
[WhiteElo "1585"]
[WhiteRD "152"]
[BlackElo "1373"]
[BlackRD "184"]
[GameID "238474"]

1. e4 e5 2. Nf3 d6 3. h3 f6 4. Bc4 c6 5. O-O d5 6. exd5 cxd5 7. Bb5+ Bd7 8. Bxd7+ Nxd7 9. Re1 Bc5 10. d4 Bd6
11. dxe5 fxe5 12. Qxd5 Ngf6 13. Qxd6 Qe7 14. Qxe7+ Kxe7 15. Nxe5 Rhe8 16. Nxd7+ Kxd7 17. Rxe8 Rxe8 18. Bd2 Ne4 19. Kf1 Rf8 20. Be1 g5
21. Nc3 Nd6 22. Rd1 Rf6 23. Ne4 Rh6 24. Nxd6 Rxd6 25. Rxd6+ Kxd6 26. Ke2 h5 27. g3 Kd5 28. Kd3 b5 29. b4 a6 30. f4 gxf4
31. gxf4 Ke6 32. Ke4 Kf6 33. h4 Ke6 34. f5+ Kf6 35. Bc3+ Kf7 36. Ke5 Ke8 37. Ke6 Kf8 38. f6 a5 39. bxa5 b4 40. Bxb4+ Kg8
41. f7+ Kh7 42. f8=Q Kg6 43. Qg8+ Kh6 44. Bd2#
1-0

[Event "Fast: 10d+1d/m - For New Players (#10)"]
[Site "SchemingMind.com"]
[Date "2010.02.09"]
[Round "-"]
[White "shaqattack"]
[Black "andyswain"]
[Result "1-0"]
[WhiteCountry "ENG"]
[BlackCountry "ENG"]
[WhiteElo "1585"]
[WhiteRD "152"]
[BlackElo "1198"]
[BlackRD "121"]
[GameID "238475"]

1. e4 e5 2. Nf3 Nc6 3. Bb5 Nb4 4. c3 c6 5. Bc4 b5 6. Bb3 Nd3+ 7. Ke2 Nf4+ 8. Kf1 Qf6 9. d4 Qg6 10. Bxf4 exf4
11. Ne5 Qxe4 12. Nd2 Qf5 13. Nxf7 d5 14. Nxh8 Ne7 15. Bc2 Qe6 16. Bxh7 g6 17. Bxg6+ Nxg6 18. Qh5 Bg7 19. Re1 Kd7 20. Rxe6 Bxh8
21. Qxg6 Rb8 22. Qe8+ Kc7 23. Rxc6+ Kb7 24. Nb3 b4 25. Nc5+ Ka8 26. Rxc8
1-0

[Event "Fast: 10d+1d/m - For New Players (#10)"]
[Site "SchemingMind.com"]
[Date "2010.02.09"]
[Round "-"]
[White "shaqattack"]
[Black "Thomas Laue"]
[Result "0-1"]
[WhiteCountry "ENG"]
[BlackCountry "GER"]
[WhiteElo "1585"]
[WhiteRD "152"]
[BlackElo "1716"]
[BlackRD "196"]
[GameID "238476"]

1. e4 e5 2. Nf3 Nc6 3. Bb5 a6 4. Ba4 Nf6 5. Nc3 Be7 6. h3 b5 7. Bb3 d6 8. O-O O-O 9. d4 exd4 10. Nxd4 Nxd4
11. Qxd4 c5 12. Bxf7+ Rxf7 13. Qd1 b4 14. Nd5 Nxe4 15. Nxe7+ Rxe7 16. Qd5+ Be6 17. Qxe4 Bxh3 18. Qh4 Bf5 19. Bg5 Raa7 20. Bxe7 Rxe7
21. Rae1 Kf8 22. Qxe7+ Qxe7 23. Rxe7 Kxe7 24. Re1+ Kd7 25. c3 a5 26. cxb4 axb4 27. a3 bxa3 28. bxa3 Bc2 29. Rc1 Bb3 30. f3 c4
31. Kf2 Kc6 32. Re1 d5 33. Re6+ Kc5 34. Re7 c3 35. Ke2 d4 36. Rxg7 Bc4+ 37. Kd1 d3 38. Rb7 Bb5 39. Rc7+ Kd4 40. Ra7 d2
41. a4 Kd3
0-1

[Event "Fast: 10d+1d/m - For New Players (#10)"]
[Site "SchemingMind.com"]
[Date "2010.02.09"]
[Round "-"]
[White "psychonaut"]
[Black "shaqattack"]
[Result "0-1"]
[WhiteCountry "CZE"]
[BlackCountry "ENG"]
[WhiteElo "1373"]
[WhiteRD "184"]
[BlackElo "1585"]
[BlackRD "152"]
[GameID "238478"]

1. d4 Nf6 2. e3 e6 3. Be2 d5 4. a3 c5 5. c3 c4 6. b4 Be7 7. Bb2 O-O 8. Nd2 Nbd7 9. Qc2 b5 10. O-O-O Nb6
11. h4 Na4 12. g4 Nxb2 13. Kxb2 a5 14. g5 Ne4 15. Nxe4 dxe4 16. Rd2 axb4 17. cxb4 Bb7 18. Rh3 Qc8 19. Qc3 Bd5 20. f4 Qa6
21. Kc1 Qxa3+ 22. Qb2 Qa1+ 23. Qb1 c3 24. Rc2 Qxb1+ 25. Kxb1 Bxb4 26. Kc1 Ra1#
0-1

[Event "Fast: 10d+1d/m - For New Players (#10)"]
[Site "SchemingMind.com"]
[Date "2010.02.09"]
[Round "-"]
[White "andyswain"]
[Black "shaqattack"]
[Result "0-1"]
[WhiteCountry "ENG"]
[BlackCountry "ENG"]
[WhiteElo "1198"]
[WhiteRD "121"]
[BlackElo "1585"]
[BlackRD "152"]
[GameID "238479"]

1. e4 c5 2. d4 cxd4 3. Qxd4 Nc6 4. Qc3 e5 5. Bc4 Bb4 6. Qxb4 Nxb4 7. Bb3 Nf6 8. Nf3 O-O 9. Nxe5 Nxc2+ 10. Bxc2 Qa5+
11. Nc3 Qxe5 12. O-O d6 13. Be3 Ng4 14. Rad1 Qxh2#
0-1

[Event "Fast: 10d+1d/m - For New Players (#10)"]
[Site "SchemingMind.com"]
[Date "2010.02.09"]
[Round "-"]
[White "Thomas Laue"]
[Black "shaqattack"]
[Result "1-0"]
[WhiteCountry "GER"]
[BlackCountry "ENG"]
[WhiteElo "1716"]
[WhiteRD "196"]
[BlackElo "1585"]
[BlackRD "152"]
[GameID "238480"]

1. e4 c5 2. Nc3 d6 3. f4 g6 4. Nf3 Bg7 5. Bc4 e6 6. O-O Nc6 7. d3 a6 8. a4 Nge7 9. Qe1 Nd4 10. Nxd4 Bxd4+
11. Kh1 Bxc3 12. Qxc3 O-O 13. f5 exf5 14. Bh6
1-0

[Event "Fast: 10d+1d/m - For New Players (#10)"]
[Site "SchemingMind.com"]
[Date "2010.02.16"]
[Round "-"]
[White "Baeron"]
[Black "psychonaut"]
[Result "1-0"]
[WhiteCountry "SUI"]
[BlackCountry "CZE"]
[WhiteElo "1854"]
[WhiteRD "172"]
[BlackElo "1373"]
[BlackRD "184"]
[GameID "239149"]

1. c4 Nc6 2. Nc3 g5 3. d4 Bg7 4. d5 Ne5 5. e4 h6 6. Be2 c5 7. h4 f6 8. Be3 b6 9. d6 exd6 10. Bh5+ Kf8
11. Qd5 Bb7 12. Qxb7 Nxc4 13. Qd5 Ne5 14. Nf3 Ne7 15. Qxd6 g4 16. Nxe5 Qb8 17. Nxd7+ Kg8 18. Nxb8 Bf8 19. Qe6+ Kh7 20. Nd7 Re8
21. Nxf6+ Kg7 22. Qf7#
1-0

[Event "Fast: 10d+1d/m - For New Players (#10)"]
[Site "SchemingMind.com"]
[Date "2010.02.16"]
[Round "-"]
[White "Baeron"]
[Black "andyswain"]
[Result "1-0"]
[WhiteCountry "SUI"]
[BlackCountry "ENG"]
[WhiteElo "1854"]
[WhiteRD "172"]
[BlackElo "1198"]
[BlackRD "121"]
[GameID "239150"]

1. d4 c6 2. e4 Qa5+ 3. Nc3 Nf6 4. Bd3 d6 5. f4 Qh5 6. Qxh5 Bg4 7. Qh4 b5 8. e5 dxe5 9. fxe5 b4 10. exf6 Be6
11. fxg7 Bxg7 12. Na4 Bd5 13. Nf3 Nd7 14. O-O O-O 15. Qxh7#
1-0

[Event "Fast: 10d+1d/m - For New Players (#10)"]
[Site "SchemingMind.com"]
[Date "2010.02.16"]
[Round "-"]
[White "Baeron"]
[Black "Thomas Laue"]
[Result "1-0"]
[WhiteCountry "SUI"]
[BlackCountry "GER"]
[WhiteElo "1854"]
[WhiteRD "172"]
[BlackElo "1716"]
[BlackRD "196"]
[GameID "239151"]

1. e4 e5 2. Bc4 Nf6 3. d3 Bc5 4. Nc3 Nc6 5. f4 d6 6. Nf3 O-O 7. f5 Ng4 8. Bg5 Qe8 9. Nd5 Bf2+ 10. Kf1 Bb6
11. h3 Nf2 12. Qd2 Nxh1 13. Nf6+ gxf6 14. Bxf6 Ng3+ 15. Ke1 Ne7 16. Qg5+ Ng6 17. fxg6 hxg6 18. Qxg6#
1-0

[Event "Fast: 10d+1d/m - For New Players (#10)"]
[Site "SchemingMind.com"]
[Date "2010.02.16"]
[Round "-"]
[White "Baeron"]
[Black "shaqattack"]
[Result "1/2-1/2"]
[WhiteCountry "SUI"]
[BlackCountry "ENG"]
[WhiteElo "1854"]
[WhiteRD "172"]
[BlackElo "1585"]
[BlackRD "152"]
[GameID "239153"]

1. e4 c5 2. Nf3 d6 3. Bb5+ Bd7 4. Bxd7+ Nxd7 5. O-O Ngf6 6. Qe2 e6 7. c3 Be7 8. d4 O-O 9. e5 Ne8 10. Rd1 Rc8
11. d5 exd5 12. e6 Nb6 13. Ng5 f5 14. Nf7 Qc7 15. b3 Qc6 16. Rd3 Nc7 17. Rh3 Nxe6 18. Qh5 f4 19. Nd2 Qe8 20. Nf3 h6
21. Nxh6+ gxh6 22. Qxh6 Kf7 23. Qh5+ Kf6 24. Qh4+ Kf7 25. Qh5+ Kf6=
1/2-1/2

[Event "Fast: 10d+1d/m - For New Players (#10)"]
[Site "SchemingMind.com"]
[Date "2010.02.21"]
[Round "-"]
[White "psychonaut"]
[Black "Baeron"]
[Result "0-1"]
[WhiteCountry "CZE"]
[BlackCountry "SUI"]
[WhiteElo "1262"]
[WhiteRD "152"]
[BlackElo "1997"]
[BlackRD "120"]
[GameID "239154"]

1. Nf3 Nf6 2. d4 g6 3. c4 Bg7 4. e3 O-O 5. Ng5 d5 6. Bd2 Nc6 7. b3 e5 8. Bc3 Re8 9. h4 exd4 10. Bxd4 Nxd4
11. Qxd4 Ne4 12. Qd1 Bxa1 13. f3 Nxg5 14. f4 Ne4 15. Qc1 Bf6 16. h5 Bh4+ 17. Kd1 Nf2+ 18. Kc2 Nxh1 19. hxg6 hxg6 20. Bd3 Nf2
21. Nd2 Nxd3
0-1

[Event "Fast: 10d+1d/m - For New Players (#10)"]
[Site "SchemingMind.com"]
[Date "2010.02.16"]
[Round "-"]
[White "andyswain"]
[Black "Baeron"]
[Result "0-1"]
[WhiteCountry "ENG"]
[BlackCountry "SUI"]
[WhiteElo "1198"]
[WhiteRD "121"]
[BlackElo "1854"]
[BlackRD "172"]
[GameID "239155"]

1. b3 d6 2. e4 Nf6 3. Nf3 Nxe4 4. Nc3 Nxc3 5. dxc3 g6 6. c4 Bg7 7. Bg5 Bxa1 8. Qxa1 f6 9. h4 Bg4 10. Bf4 e5
11. Bd2 Nc6 12. Qd1 Qe7 13. Be2 O-O-O 14. a4 e4 15. Ng1 Bd7 16. h5 Kb8 17. hxg6 hxg6 18. f3 Rxh1 19. Kf1 e3 20. Bc3 Qh7
21. Bxf6 Qh2 22. Ke1 Qxg1+
0-1

[Event "Fast: 10d+1d/m - For New Players (#10)"]
[Site "SchemingMind.com"]
[Date "2010.02.16"]
[Round "-"]
[White "Thomas Laue"]
[Black "Baeron"]
[Result "0-1"]
[WhiteCountry "GER"]
[BlackCountry "SUI"]
[WhiteElo "1712"]
[WhiteRD "165"]
[BlackElo "1997"]
[BlackRD "120"]
[GameID "239156"]

1. e4 e6 2. d4 d5 3. exd5 exd5 4. Nf3 Nc6 5. Bd3 Bd6 6. O-O Nge7 7. Bg5 f6 8. Bd2 Bg4 9. c3 Qd7 10. Re1 O-O
11. Qc2 Bf5 12. Be3 Rfe8 13. Nbd2 Bxd3 14. Qxd3 Qf5 15. Qxf5 Nxf5 16. Nf1 Re7 17. Bd2 Rae8 18. Rxe7 Rxe7 19. Re1 Kf7 20. Ne3 Nxe3
21. Rxe3 b5 22. Rxe7+ Kxe7 23. Nh4 g6 24. g4 a5 25. h3 a4 26. f4 Kf8 27. f5 Bg3 28. Nf3 gxf5 29. gxf5 Ne7 30. Be1 Nxf5
31. Bxg3 Nxg3 32. Ne1 a3 33. bxa3 Ne2+ 34. Kf2 Nxc3 35. Nd3 Nxa2 36. Kf3 Nc3 37. Nb4 Ke7 38. Kf4 Ke6 39. Na6 Kd6 40. Kf5 Ne4
41. h4 c5 42. dxc5+ Nxc5 43. Nb4 d4 44. Nc2 Kd5 45. Kxf6 d3 46. Ne3+ Ke4 47. Nd1 Kf4 48. h5 Ne4+ 49. Kg7 Ng5 50. Kf6 d2
51. h6 Kg4 52. Kg7 Kf3 53. Kf6 Ne4+ 54. Kg7 Ke2 55. Kxh7 Kxd1 56. Kg6 Kc2 57. h7 d1=Q 58. h8=Q Qg4+ 59. Kf7 Qd7+ 60. Kg6 Qe6+
61. Kg7 Qf6+
0-1

[Event "Fast: 10d+1d/m - For New Players (#10)"]
[Site "SchemingMind.com"]
[Date "2010.02.16"]
[Round "-"]
[White "shaqattack"]
[Black "Baeron"]
[Result "1/2-1/2"]
[WhiteCountry "ENG"]
[BlackCountry "SUI"]
[WhiteElo "1585"]
[WhiteRD "152"]
[BlackElo "1854"]
[BlackRD "172"]
[GameID "239158"]

1. e4 e6 2. d4 d5 3. e5 c5 4. c3 Nc6 5. Nf3 Qb6 6. a3 Nh6 7. b4 cxd4 8. cxd4 Nf5 9. Bb2 Bd7 10. g4 Nh6
11. h3 f6 12. exf6 gxf6 13. Nc3 Nf7 14. Na4 Qc7 15. Rc1 Qf4 16. Bd3 Ng5 17. Nxg5 fxg5 18. Nc5 Bxc5 19. dxc5 O-O 20. O-O e5
21. Bc4 dxc4 22. Qxd7 Rf7 23. Qd5 Rd8 24. Qxc4 Nd4 25. Bxd4 exd4 26. b5 Qf3 27. c6 bxc6 28. bxc6 Qxa3 29. c7 Rc8 30. Rfe1 Qd6
31. Qb5 Qf6 32. Qe8+ Kg7 33. Qxc8 Qxf2+ 34. Kh1=
1/2-1/2